000 00304nam a22001337a 4500
008 170807b xxu||||| |||| 00| 0 eng d
020 _a9780131193765
041 _aeng
080 _22ND
_a004
100 _a33
101 _aSHK
245 _aMICROSOFT OFFICE FOR TEACHERS
_cFEWELL,P.J
942 _2udc
_cBK
999 _c22792
_d22792